[Event "59th World Juniors 2022"]
[Site "Cala Gonone ITA"]
[Date "2022.10.22"]
[Round "11.38"]
[White "Johannsson, Birkir Isak"]
[Black "Gatineau, Yovann"]
[Result "0-1"]
[BlackTitle "IM"]
[WhiteElo "2165"]
[BlackElo "2375"]
[WhiteFideId "2314673"]
[BlackFideId "26028999"]
[EventDate "2022.10.12"]

1. c4 e6 2. Nc3 d5 3. d4 Bb4 4. cxd5 exd5 5. Bf4 c6 6. e3 Ne7 7. Bd3 Bf5 8. Ne2
O-O 9. O-O a5 10. Rc1 Na6 11. a3 Bd6 12. Na4 b5 13. Nac3 a4 14. Re1 Nc7 15. Na2
Bxd3 16. Qxd3 Rc8 17. Rc2 Na8 18. e4 dxe4 19. Qxe4 Nb6 20. Bxd6 Qxd6 21. Nec3
Ned5 22. Nxd5 Nxd5 23. Nc3 Nf6 24. Qd3 Rfd8 25. Rd2 g6 26. g3 Rc7 27. Red1 Rcd7
28. Ne4 Nxe4 29. Qxe4 Qd5 30. Qf4 Qe6 31. Rc1 Rd5 32. Qf3 R8d6 33. Rdc2 Kg7 34.
h4 h5 35. Re2 Qg4 36. Qxg4 hxg4 37. Rec2 Rxd4 38. Rxc6 Rxc6 39. Rxc6 Rd2 40. Rb6
Rxb2 41. Kf1 Kf8 42. Rb7 Ke8 43. Ke1 b4 44. Ra7 bxa3 0-1

[Event "59th World Juniors 2022"]
[Site "Cala Gonone ITA"]
[Date "2022.10.22"]
[Round "11.39"]
[White "Asllani, Dorian"]
[Black "Carlo, Emanuele"]
[Result "0-1"]
[BlackTitle "FM"]
[WhiteElo "2202"]
[BlackElo "2306"]
[WhiteFideId "1341332"]
[BlackFideId "2825380"]
[EventDate "2022.10.12"]

1. d4 d5 2. c4 e6 3. Nc3 c6 4. e3 Nf6 5. Nf3 Nbd7 6. Bd3 dxc4 7. Bxc4 b5 8. Bd3
Bd6 9. O-O O-O 10. Qc2 Bb7 11. e4 e5 12. dxe5 Nxe5 13. Nxe5 Bxe5 14. h3 a6 15.
Be3 Rc8 16. Bc5 Re8 17. Rad1 Qc7 18. Ne2 Nd7 19. b4 Nxc5 20. bxc5 Qe7 21. f4 Bb8
22. e5 g6 23. Ng3 f5 24. Bxf5 gxf5 25. Nxf5 Qe6 26. Ng3 Kh8 27. Qf2 Rg8 28. Rfe1
Rcf8 29. Re4 Qg6 30. Kh2 Bc8 31. Qe3 Be6 32. Rf1 h5 33. f5 Rxf5 34. Rxf5 Bxf5
35. Rh4 Qxg3+ 36. Qxg3 Rxg3 37. Rxh5+ Kg7 38. Kxg3 Bxe5+ 39. Kf3 Kf6 40. h4 Be6
41. Rh6+ Kf7 42. h5 Bg7 43. Rg6 b4 44. Ke2 a5 45. Kd2 a4 46. a3 bxa3 47. Kc1 a2
48. Rxg7+ Kxg7 49. Kb2 Kh6 50. g4 Bxg4 51. Kxa2 Kxh5 0-1

[Event "59th World Juniors 2022"]
[Site "Cala Gonone ITA"]
[Date "2022.10.22"]
[Round "11.40"]
[White "Karsten, Jan"]
[Black "Martins, Bruno Andre Leite"]
[Result "0-1"]
[BlackTitle "FM"]
[WhiteElo "1985"]
[BlackElo "2306"]
[WhiteFideId "14350653"]
[BlackFideId "1942255"]
[EventDate "2022.10.12"]

1. e4 e6 2. d4 d5 3. Nc3 Nf6 4. e5 Nfd7 5. f4 c5 6. Nf3 Nc6 7. Be3 cxd4 8. Nxd4
Qb6 9. Qd2 Qxb2 10. Rb1 Qa3 11. Bb5 Nxd4 12. Bxd4 a6 13. Bxd7+ Bxd7 14. Rb3 Qe7
15. Rxb7 Rc8 16. O-O Qd8 17. Rfb1 Be7 18. Bb6 Bc5+ 19. Bxc5 Rxc5 20. Rb8 Rc8 21.
Rxc8 Qxc8 22. Ne2 O-O 23. Nd4 Qc4 24. Qb4 Qc7 25. Rb3 Rc8 26. c3 Be8 27. Ne2 h6
28. Qd4 Bb5 29. Nc1 Qa5 30. Qd2 Qb6+ 31. Qf2 Qa5 32. Qd2 Ba4 33. Rb4 Qc5+ 34.
Rd4 Bb5 35. a4 Bxa4 36. Nd3 Qa3 37. Kf2 Bb5 0-1

[Event "59th World Juniors 2022"]
[Site "Cala Gonone ITA"]
[Date "2022.10.22"]
[Round "11.41"]
[White "Gaal, Zsoka"]
[Black "Winkelman, Albert"]
[Result "1/2-1/2"]
[WhiteTitle "WIM"]
[BlackTitle "FM"]
[WhiteElo "2298"]
[BlackElo "2229"]
[WhiteFideId "777765"]
[BlackFideId "3219941"]
[EventDate "2022.10.12"]

1. Nf3 Nf6 2. g3 b5 3. Bg2 Bb7 4. O-O c5 5. d3 d6 6. e4 g6 7. a4 a6 8. c3 Bg7 9.
axb5 axb5 10. Rxa8 Bxa8 11. Qb3 Bc6 12. e5 Nd5 13. exd6 Qxd6 14. Ng5 e6 15. Ne4
Qe7 16. c4 Nb4 17. cxb5 Bd5 18. Qd1 Bxe4 19. dxe4 O-O 20. Nc3 Nd7 21. Be3 Ne5
22. Qe2 Ned3 23. Rd1 c4 24. f4 e5 25. f5 Rd8 26. Bh3 Bf8 27. Ra1 Rd4 28. fxg6
hxg6 29. Ra8 Qb7 30. Re8 Qa7 31. Kg2 Kg7 32. Nd5 Nxd5 33. exd5 Qc5 34. Rd8 Bd6
35. Bg4 Qxd5+ 36. Bf3 Qc5 37. Bc6 Qb4 38. Bxd4 exd4 39. Be4 Ne5 40. Bd5 d3 41.
Qf2 Be7 42. Ra8 Qxb5 43. Qd4 Bf6 44. Ra7 Qb3 45. Bxf7 Nxf7 46. Qd5 Qxb2+ 47. Kh3
Be7 48. Rxe7 Qf6 49. Rc7 Qf1+ 50. Kh4 Qf6+ 51. Kh3 Qf1+ 52. Kh4 Qf6+ 1/2-1/2

[Event "59th World Juniors 2022"]
[Site "Cala Gonone ITA"]
[Date "2022.10.22"]
[Round "11.42"]
[White "Dauw, Sterre"]
[Black "Hercegovac, Neven"]
[Result "0-1"]
[WhiteTitle "FM"]
[WhiteElo "2287"]
[BlackElo "2175"]
[WhiteFideId "248886"]
[BlackFideId "2839135"]
[EventDate "2022.10.12"]

1. d4 Nf6 2. c4 g6 3. Nc3 Bg7 4. e4 d6 5. Be2 O-O 6. Nf3 e5 7. O-O exd4 8. Nxd4
Re8 9. f3 c6 10. g4 Qb6 11. Be3 Qxb2 12. Qd3 Na6 13. Rab1 Qa3 14. Qd2 Qa5 15. g5
Nd7 16. f4 Nac5 17. Bf3 Nb6 18. Rbc1 Nxc4 19. Qe2 Nxe3 20. Qxe3 Bh3 21. Rf2 Rad8
22. f5 Bxf5 23. Nxf5 gxf5 24. Bh5 Nxe4 25. Bxf7+ Kxf7 26. Nxe4 Kg6 27. h4 Rxe4
28. h5+ Kxh5 29. Qh3+ Kg6 30. Rcf1 Rg4+ 31. Kh1 Qd5+ 32. Rf3 Qe4 33. a4 Rh4 0-1

[Event "59th World Juniors 2022"]
[Site "Cala Gonone ITA"]
[Date "2022.10.22"]
[Round "11.43"]
[White "Gov, Guy"]
[Black "Nouri, Alekhine"]
[Result "0-1"]
[BlackTitle "FM"]
[WhiteElo "2121"]
[BlackElo "2251"]
[WhiteFideId "2820200"]
[BlackFideId "5216184"]
[EventDate "2022.10.12"]

1. e4 c5 2. Nf3 d6 3. Bb5+ Nd7 4. O-O a6 5. Bd3 Ngf6 6. c3 b6 7. Bc2 Bb7 8. Re1
e6 9. d4 cxd4 10. cxd4 Be7 11. Nc3 b5 12. a3 Rc8 13. Bg5 h6 14. Bh4 Nb6 15. Qe2
g5 16. Bg3 Nh5 17. e5 d5 18. Bd3 g4 19. Nd2 Nxg3 20. fxg3 h5 21. Rf1 Rc7 22. Rf2
Nc4 23. Nb3 Bf8 24. Raf1 Rg8 25. Rf6 Bg7 26. Rxf7 Rxf7 27. Bg6 Rf8 28. Qf2 Qg5
29. Bxf7+ Ke7 30. Nc5 Bc8 31. Nd3 Ne3 32. Nf4 Nxf1 33. Ng6+ Qxg6 34. Bxg6 Rxf2
35. Kxf2 Nd2 36. Bxh5 Bh6 37. Ke2 Bd7 38. Kd3 a5 39. Nd1 b4 40. axb4 axb4 41.
Bxg4 Bb5+ 42. Kc2 Ba4+ 43. Kd3 Nc4 44. Nf2 Nxb2+ 45. Ke2 Bb5+ 46. Kf3 b3 47. Bh5
Be8 48. g4 Bxh5 49. gxh5 Na4 50. Nd3 b2 51. Nxb2 Nxb2 52. h4 Nc4 53. g4 Be3 0-1

[Event "59th World Juniors 2022"]
[Site "Cala Gonone ITA"]
[Date "2022.10.22"]
[Round "11.45"]
[White "Ballesteros Cardenas, Leonardo"]
[Black "Kanyamarala, Tarun"]
[Result "1-0"]
[WhiteTitle "CM"]
[BlackTitle "IM"]
[WhiteElo "2121"]
[BlackElo "2407"]
[WhiteFideId "3428141"]
[BlackFideId "45004714"]
[EventDate "2022.10.12"]

1. d4 Nf6 2. c4 e6 3. Nc3 Bb4 4. f3 d5 5. a3 Bd6 6. Bg5 h6 7. Bh4 O-O 8. e4 dxe4
9. fxe4 e5 10. d5 Be7 11. Bg3 Ng4 12. Bd3 h5 13. h3 h4 14. hxg4 hxg3 15. Qf3 Bh4
16. Nh3 Nd7 17. Nd1 Nc5 18. Bc2 a5 19. Ne3 g6 20. O-O-O Ra6 21. Kb1 Rf6 22. Qe2
Rb6 23. g5 Bxg5 24. Ng4 Kg7 25. Rdf1 Qe7 26. Qf3 Bxg4 27. Qxg4 Bh6 28. Qxg3 Nd7
29. Qc3 Qc5 30. Nf4 Qd4 31. Qxd4 exd4 32. Nd3 Re8 33. Rxh6 Kxh6 34. Rxf7 Nf6 35.
e5 Ng4 36. e6 Ne3 37. Rxc7 Rf8 38. b3 Rf1+ 39. Kb2 Ra6 40. Rc8 Nf5 41. g4 Nd6
42. Rd8 Rf3 43. c5 Nb5 44. e7 1-0

[Event "59th World Juniors 2022"]
[Site "Cala Gonone ITA"]
[Date "2022.10.22"]
[Round "11.46"]
[White "Djurovic, Peko"]
[Black "Bettalli, Francesco"]
[Result "0-1"]
[BlackTitle "FM"]
[WhiteElo "2084"]
[BlackElo "2267"]
[WhiteFideId "16503902"]
[BlackFideId "2816453"]
[EventDate "2022.10.12"]

1. e4 c5 2. Nf3 Nc6 3. Bb5 g6 4. O-O Bg7 5. c3 Nf6 6. e5 Nd5 7. d4 cxd4 8. cxd4
d6 9. Nc3 Nxc3 10. bxc3 O-O 11. exd6 Qxd6 12. a4 Rd8 13. Re1 Bf6 14. h3 Na5 15.
Nd2 Qc7 16. Ne4 Bg7 17. Qf3 a6 18. Bf1 Be6 19. Bf4 Qc6 20. Qg3 Re8 21. Nc5 Bd5
22. Rab1 Rac8 23. Rb2 Bc4 24. Be2 e5 25. Be3 Bxe2 26. Rbxe2 b6 27. Nxa6 Qc4 28.
dxe5 Qxa6 29. Bd4 Re6 30. f4 Nc6 31. Qe3 Ne7 32. g4 f5 33. Rb2 Qxa4 34. Reb1 Rf8
35. g5 Nd5 36. Qf3 Qc4 37. Rb5 Rd8 38. h4 Bf8 39. h5 Nxc3 40. Bxc3 Rd3 0-1

[Event "59th World Juniors 2022"]
[Site "Cala Gonone ITA"]
[Date "2022.10.22"]
[Round "11.47"]
[White "Pennica, Andrea"]
[Black "Stankovic, Dragan"]
[Result "1-0"]
[WhiteElo "2037"]
[BlackElo "2181"]
[WhiteFideId "2816828"]
[BlackFideId "14408740"]
[EventDate "2022.10.12"]

1. d4 d5 2. c4 e6 3. Nf3 Nf6 4. Nc3 c6 5. Bg5 Nbd7 6. e3 a6 7. c5 Be7 8. Bd3 h6
9. Bf4 Nh5 10. O-O b6 11. b4 Nxf4 12. exf4 a5 13. a3 O-O 14. Qe2 Re8 15. Rfb1
Qc7 16. Ne5 Nxe5 17. fxe5 Qa7 18. Na4 Bd8 19. b5 cxb5 20. Bxb5 Rf8 21. Bc6 Rb8
22. Qb2 b5 23. Bxb5 f6 24. g3 fxe5 25. dxe5 Qf7 26. Qd4 Bc7 27. Ra2 Qf5 28. Qd3
Qxe5 29. Re2 Qg5 30. Nc3 Kh8 31. Rbe1 Qg4 32. Ba4 Qf5 33. Qxf5 Rxf5 34. Nb5 Rf7
35. Nd4 e5 36. Nc6 Ba6 37. Nxe5 Rf5 38. Ng6+ Kh7 39. Re7 Bd3 40. Nh4 Re5 41.
R1xe5 Bxe5 42. Rxe5 Rb1+ 43. Kg2 g5 44. Nf5 Ra1 45. Re3 Bxf5 46. c6 g4 47. c7
Rc1 48. Bd7 Bxd7 49. Re7+ Kg6 50. Rxd7 a4 51. Rd6+ Kg7 52. Rxd5 Rxc7 53. Rd4 h5
54. Rxa4 Kg6 55. h3 Kg5 56. hxg4 hxg4 57. Kf1 Rc2 58. Rf4 Rd2 59. a4 Ra2 60. Ke1
Rb2 61. Kd1 Ra2 62. Kc1 Re2 63. Kb1 Re5 64. Kb2 Rd5 65. Kb3 Re5 66. Kb4 Re1 67.
Kb5 Re5+ 68. Kb4 Re1 69. a5 Rb1+ 70. Kc5 Ra1 71. Kb6 Rb1+ 72. Ka7 Ra1 73. a6 Ra3
74. Kb7 Rb3+ 75. Ka8 Ra3 76. a7 Rb3 77. Rf7 Rb2 78. Rb7 Rxf2 79. Rb5+ 1-0

[Event "59th World Juniors 2022"]
[Site "Cala Gonone ITA"]
[Date "2022.10.22"]
[Round "11.48"]
[White "Dimakis, Stavros"]
[Black "Sitbon, Itay"]
[Result "1-0"]
[WhiteElo "1832"]
[BlackElo "2133"]
[WhiteFideId "25879472"]
[BlackFideId "2820706"]
[EventDate "2022.10.12"]

1. e4 c5 2. Nf3 g6 3. d4 cxd4 4. Nxd4 Bg7 5. c4 Nc6 6. Be3 Qb6 7. Nb5 Qa5+ 8.
Bd2 Qd8 9. Bc3 Bxc3+ 10. N1xc3 a6 11. Nd4 Nf6 12. Be2 d6 13. O-O O-O 14. Kh1 Qb6
15. Nb3 Ne5 16. Nd5 Nxd5 17. cxd5 g5 18. Qd2 f6 19. h4 h6 20. Rac1 Bd7 21. Rc3
Kh7 22. Qd4 Qxd4 23. Nxd4 Rfc8 24. Rfc1 Kg7 25. Rc7 Kf8 26. hxg5 hxg5 27. g3 g4
28. R1c2 Rab8 29. Kg2 Ke8 30. f4 gxf3+ 31. Nxf3 Rxc7 32. Rxc7 Kd8 33. Rc3 Nf7
34. Nd4 Ng5 35. Bd3 Be8 36. Nf3 Nf7 37. b4 Rc8 38. Rxc8+ Kxc8 39. g4 Bd7 40. Kg3
Ng5 41. Kf4 Nh3+ 42. Kg3 Bxg4 43. Ng1 Ng5 44. Kxg4 Nf7 45. Nf3 Kd7 46. Bc4 Ke8
47. Bf1 Kd7 48. Bh3 Ke8 49. Kh5 b6 50. Be6 Nd8 51. Nd4 a5 52. a3 Nb7 53. Nc6
axb4 54. axb4 Nc5 55. bxc5 dxc5 56. Kg4 b5 57. Kf3 b4 58. Ke2 b3 59. Kd2 c4 60.
Kc3 Kf8 61. Na5 Ke8 62. Nxc4 Kd8 63. Kxb3 1-0

[Event "59th World Juniors 2022"]
[Site "Cala Gonone ITA"]
[Date "2022.10.22"]
[Round "11.49"]
[White "Candian, Lorenzo"]
[Black "Urbani, Gabriel"]
[Result "1/2-1/2"]
[WhiteElo "2022"]
[BlackElo "2129"]
[WhiteFideId "2863664"]
[BlackFideId "2830138"]
[EventDate "2022.10.12"]

1. e4 e5 2. Nf3 Nc6 3. Bb5 a6 4. Ba4 Nf6 5. O-O b5 6. Bb3 Bc5 7. c3 d6 8. d4 Bb6
9. Be3 O-O 10. Nbd2 Bb7 11. d5 Ne7 12. Bxb6 cxb6 13. Re1 Ng6 14. Bc2 Bc8 15. Nf1
Bd7 16. Ne3 Qc8 17. a3 Ng4 18. Qd2 Nf4 19. Nf5 Bxf5 20. exf5 Nf6 21. Rad1 Rd8
22. g3 N4xd5 23. Bb3 Nc7 24. Ng5 Rd7 25. Nxf7 Rxf7 26. Qxd6 Ra7 27. Rxe5 Nce8
28. Qxb6 Kf8 29. Bxf7 Rxf7 30. Rd8 Qc7 31. Qxc7 Rxc7 32. Re6 a5 33. Rb8 Rc5 34.
Reb6 b4 35. axb4 axb4 36. Rxb4 Rxf5 37. Rd4 Ke7 38. Rb7+ Ke6 39. b4 Nd6 40. Rxg7
Nde4 41. Rc7 Rxf2 42. c4 Rb2 43. b5 Ng5 44. Kf1 Ke5 45. Rd8 Nfe4 46. Rd5+ Ke6
47. Rc6+ Ke7 48. Ke1 Nf3+ 49. Kd1 Rxh2 50. Rc7+ Ke6 51. Rc6+ 1/2-1/2

[Event "59th World Juniors 2022"]
[Site "Cala Gonone ITA"]
[Date "2022.10.22"]
[Round "11.50"]
[White "Nemeth, Zalan"]
[Black "Stolyarsky, Yegor"]
[Result "1-0"]
[WhiteElo "2247"]
[BlackElo "1987"]
[WhiteFideId "2512041"]
[BlackFideId "2814595"]
[EventDate "2022.10.12"]

1. c4 e6 2. g3 d5 3. Bg2 dxc4 4. Qa4+ Nd7 5. Qxc4 a6 6. Qb3 Ngf6 7. Nf3 c5 8. d3
Qc7 9. a4 b6 10. Na3 Rb8 11. O-O Bb7 12. e4 Bc6 13. Nc4 b5 14. axb5 axb5 15. Na5
Ba8 16. Bf4 e5 17. Be3 Bd6 18. Rfc1 O-O 19. Qd1 Qd8 20. Nh4 g6 21. Nb3 Qe7 22.
Bg5 Rfc8 23. Bh3 Rc7 24. Bxd7 Rxd7 25. Qf3 Kg7 26. Nxc5 Bxc5 27. Rxc5 h6 28.
Bxf6+ Qxf6 29. Qe2 Qd6 30. Qg4 Kh7 31. Rxa8 Rxa8 32. Rd5 Qxd5 33. exd5 Rad8 34.
Nf3 Rxd5 35. Qe4 f6 36. Nh4 f5 37. Qb4 R8d7 38. Qc3 Rd4 39. Qc6 R7d6 40. Qb7+
Kg8 41. Qxb5 R4d5 42. Qe8+ Kg7 43. Qe7+ Kg8 44. Nf3 e4 45. dxe4 fxe4 46. Qxe4
Rf5 47. Nh4 Rff6 48. Qe8+ Rf8 49. Qe3 Rdf6 50. Qxh6 Rxf2 51. Qxg6+ Kh8 52. Qh5+
Kg7 53. Qg4+ Kh7 54. Qe4+ Kg8 55. Qe6+ Kh7 56. Qd7+ Kg8 57. Qd5+ Kh7 58. Qd3+
Kg8 59. g4 Rxb2 60. Qg6+ Kh8 61. Nf5 Rb7 62. Qh6+ Kg8 63. Qe6+ Kh7 64. Qe4 1-0

[Event "59th World Juniors 2022"]
[Site "Cala Gonone ITA"]
[Date "2022.10.22"]
[Round "11.51"]
[White "van der Merwe, Alexander"]
[Black "Casadio, Niccolo'"]
[Result "1-0"]
[WhiteElo "1746"]
[BlackElo "2201"]
[WhiteFideId "14323842"]
[BlackFideId "2827951"]
[EventDate "2022.10.12"]

1. e4 e6 2. d4 d5 3. Nd2 a5 4. c3 a4 5. a3 Nf6 6. e5 Nfd7 7. f4 c5 8. Ndf3 Nc6
9. Bd3 Qa5 10. Ne2 cxd4 11. Nexd4 Nc5 12. Bc2 Bd7 13. O-O Be7 14. Kh1 f6 15. f5
O-O 16. Bd2 Nxe5 17. fxe6 Nxe6 18. c4 Qc7 19. Nf5 Bc5 20. cxd5 Nd8 21. Nxe5 Qxe5
22. Bc3 Qc7 23. d6 Qb6 24. Ne7+ Kh8 25. Qh5 f5 26. Ng6+ Kg8 27. Nxf8 Qxd6 28.
Nxd7 g6 29. Qd1 1-0

[Event "59th World Juniors 2022"]
[Site "Cala Gonone ITA"]
[Date "2022.10.22"]
[Round "11.52"]
[White "Cotic, Borna"]
[Black "De Ieso, Lorenzo"]
[Result "1/2-1/2"]
[WhiteElo "2133"]
[BlackElo "1938"]
[WhiteFideId "14542307"]
[BlackFideId "2894101"]
[EventDate "2022.10.12"]

1. e4 c5 2. Nf3 Nc6 3. Bb5 g6 4. O-O Bg7 5. c3 Qb6 6. Bxc6 dxc6 7. h3 Nf6 8. d3
O-O 9. Qc2 Qc7 10. Be3 b6 11. Nbd2 Rd8 12. Rfd1 Bb7 13. a4 a5 14. Nc4 Ba6 15.
Qb3 b5 16. Nce5 c4 17. dxc4 bxc4 18. Qb6 Qxb6 19. Bxb6 Rdb8 20. Bxa5 Rxb2 21.
Nxc6 Nxe4 22. Nxe7+ Kf8 23. Nd5 Bb7 24. Bb4+ Rxb4 25. Nxb4 Nxc3 26. Re1 Bxf3 27.
gxf3 Ne2+ 28. Rxe2 Bxa1 29. Ra2 Bd4 30. a5 Bc5 31. Nd5 Rd8 32. Ne3 Bxe3 33. fxe3
Ke7 34. a6 Ra8 35. Kf2 Kd6 36. Ke2 Kc5 37. Kd2 Kb4 38. Kc2 Ra7 39. Rb2+ Kc5 40.
Ra2 Kb4 41. e4 c3 42. Ra1 g5 43. Rb1+ Kc4 44. Rb6 h5 45. Rc6+ Kb4 46. Rf6 Kc4
47. Rc6+ Kb4 48. e5 h4 49. e6 fxe6 50. Rxe6 Kc4 51. Rg6 Kd4 52. Re6 Kd5 53. Rb6
Kc5 54. Rg6 Kd4 55. Rxg5 Rxa6 56. Rg4+ Ke3 57. Rxh4 Kxf3 58. Kxc3 Kg3 59. Rg4+
Kxh3 60. Rc4 1/2-1/2

[Event "59th World Juniors 2022"]
[Site "Cala Gonone ITA"]
[Date "2022.10.22"]
[Round "11.53"]
[White "Salem Muhsan Shuaib"]
[Black "Tripodi, Enzo"]
[Result "0-1"]
[WhiteElo "1227"]
[BlackElo "2113"]
[WhiteFideId "9325824"]
[BlackFideId "2822674"]
[EventDate "2022.10.12"]

1. d4 Nf6 2. c4 e6 3. Nf3 c5 4. d5 b5 5. Bg5 exd5 6. Bxf6 Qxf6 7. Qxd5 Qxb2 8.
Qe5+ Qxe5 9. Nxe5 Be7 10. Ng4 d5 11. Ne3 Bf6 12. Nc2 Bf5 13. Nba3 b4 14. Nb5 a6
15. Nd6+ Kd7 16. Nxf5 Bxa1 17. Nxa1 dxc4 18. e4 g6 19. Ne3 c3 20. Nb3 Rc8 21.
Be2 a5 22. Bg4+ f5 23. exf5 h5 24. Be2 a4 25. Nc1 Nc6 26. fxg6 Nd4 27. Bc4 Rcb8
28. g7 b3 29. axb3 axb3 30. Nxb3 Nxb3 31. g8=Q Rxg8 32. Bxg8 Ra1+ 33. Ke2 Nd4+
34. Kd3 Rxh1 35. Kxc3 Rxh2 36. Kc4 Kd6 37. Bd5 Rh4 38. g3 Rh2 39. Nd1 Nc6 40.
Be4 h4 41. gxh4 Rxh4 42. f3 Ne5+ 43. Kc3 Nxf3 44. Bd3 Ne5 45. Ne3 Rh3 46. Nc4+
Nxc4 47. Kxc4 Rh4+ 48. Kc3 Kd5 49. Kd2 Kd4 50. Bb5 Rh2+ 51. Kd1 c4 0-1

[Event "59th World Juniors 2022"]
[Site "Cala Gonone ITA"]
[Date "2022.10.22"]
[Round "11.54"]
[White "Ghaith Saeed Alnuaimi"]
[Black "Javornik, Nik"]
[Result "0-1"]
[WhiteElo "1269"]
[BlackElo "2064"]
[WhiteFideId "9309152"]
[BlackFideId "14636549"]
[EventDate "2022.10.12"]

1. d4 Nf6 2. c4 g6 3. Nc3 Bg7 4. g3 d6 5. Bg2 O-O 6. e3 e5 7. Nge2 c6 8. O-O
Nbd7 9. b3 Nb6 10. Bb2 exd4 11. Nxd4 d5 12. cxd5 Nbxd5 13. Nxd5 Nxd5 14. Qd2 Qf6
15. Rab1 Rd8 16. Rfc1 Qd6 17. a3 Ne7 18. Qe2 Nf5 19. Nf3 Bxb2 20. Qxb2 Be6 21.
Ng5 Ng7 22. Ne4 Qe7 23. Nf6+ Kh8 24. h4 Bf5 25. e4 Rd6 26. exf5 Rxf6 27. Re1 Qd8
28. Rbd1 Rd6 29. Rxd6 Qxd6 30. Bh3 Kg8 31. fxg6 hxg6 32. b4 Re8 33. Rxe8+ Nxe8
34. Bc8 Qd1+ 35. Kg2 Qd5+ 36. Kg1 Nd6 37. Bg4 Nc4 38. Qb3 Qe4 39. Bd1 Qe1+ 40.
Kg2 Nd2 41. Qe3 Qxd1 42. Qe8+ Kg7 43. Qe5+ Kh7 44. Qf4 Qf1+ 45. Kh2 Qd3 46.
Qxf7+ Kh6 47. Qf8+ Kh5 48. Qf4 Nf3+ 49. Kg2 Ne1+ 50. Kg1 Qf5 51. Qe3 Nf3+ 52.
Kg2 Ne5 53. f3 b6 54. Qc3 Kh6 55. f4 Qe4+ 56. Kg1 Qd4+ 0-1

[Event "59th World Juniors 2022"]
[Site "Cala Gonone ITA"]
[Date "2022.10.22"]
[Round "11.56"]
[White "Momin Fayzan"]
[Black "Porcu, Riccardo"]
[Result "1/2-1/2"]
[WhiteElo "1974"]
[BlackElo "1759"]
[WhiteFideId "7805225"]
[BlackFideId "28536690"]
[EventDate "2022.10.12"]

1. d4 Nf6 2. Nf3 e6 3. c4 d5 4. g3 Bb4+ 5. Bd2 Be7 6. Bg2 O-O 7. O-O c6 8. Qc2
Nbd7 9. Bf4 Ne4 10. Ne5 g5 11. Nxd7 Qxd7 12. Bc1 f5 13. f3 Nd6 14. c5 Nb5 15. e3
b6 16. a4 Nc7 17. b4 bxc5 18. bxc5 Bf6 19. Rd1 Qg7 20. f4 Rb8 21. Ba3 Ba6 22.
Kh1 h5 23. Nc3 Bc4 24. Rab1 a5 25. Rb6 Qd7 26. Rdb1 Na6 27. Bf3 g4 28. Be2 Rxb6
29. Rxb6 Bxe2 30. Nxe2 Ra8 31. Qb3 Qc7 32. Qc3 Nb8 33. Qb2 Na6 34. Rb7 Qc8 35.
Rb3 Rb8 36. Rxb8 Qxb8 37. Qxb8+ Nxb8 38. Bc1 Bd8 39. Bd2 Kf7 40. Nc1 Na6 41. Nd3
Ke7 42. Ne5 Nb8 43. Kg2 Bc7 44. Kf2 Bd8 45. Ke2 Bc7 46. Nd3 Na6 47. Kd1 Kd7 48.
Kc2 Kc8 49. Nc1 Kb7 50. Nb3 Nb4+ 51. Bxb4 axb4 52. Nc1 Ba5 53. Kb3 Kc7 54. Nd3
Kb7 55. Ne5 Kc7 56. Nf7 Kd7 57. Ng5 Ke7 1/2-1/2

[Event "59th World Juniors 2022"]
[Site "Cala Gonone ITA"]
[Date "2022.10.22"]
[Round "11.57"]
[White "Vivoli, Alessandro"]
[Black "Persico, Lorenzo"]
[Result "1-0"]
[WhiteElo "1555"]
[BlackElo "2007"]
[WhiteFideId "11800240"]
[BlackFideId "899240"]
[EventDate "2022.10.12"]

1. e4 d6 2. d4 Nf6 3. Nc3 e5 4. dxe5 dxe5 5. Qxd8+ Kxd8 6. Nf3 Bd6 7. Bc4 Ke7 8.
O-O c6 9. Bg5 Nd7 10. Rad1 h6 11. Bxf6+ Nxf6 12. Bxf7 g5 13. a3 Bg4 14. Bb3 Bxf3
15. gxf3 Raf8 16. Rd3 Nh5 17. Rfd1 Rf6 18. Ne2 Rhf8 19. Ng3 Ng7 20. Ba2 h5 21.
b4 Rd8 22. c4 Bc7 23. c5 Rxd3 24. Rxd3 Rf8 25. Kg2 b6 26. cxb6 Bxb6 27. Ne2 Ne6
28. Bxe6 Kxe6 29. Ng3 h4 30. Nf5 Rc8 31. Rd6+ Kf7 32. Kf1 c5 33. Rxb6 1-0

[Event "59th World Juniors 2022"]
[Site "Cala Gonone ITA"]
[Date "2022.10.22"]
[Round "11.58"]
[White "Monferrato, Rocco"]
[Black "Abdulla Younes Alkhemeiri"]
[Result "1-0"]
[WhiteElo "1563"]
[BlackElo "1405"]
[WhiteFideId "3016536"]
[BlackFideId "9324577"]
[EventDate "2022.10.12"]

1. e4 e5 2. Nf3 Nc6 3. c3 d5 4. Qa4 f6 5. Bb5 Ne7 6. exd5 Qxd5 7. O-O a6 8. Bc4
Qd6 9. Qb3 Na5 10. Bf7+ Kd8 11. Qd1 Be6 12. Bxe6 Qxe6 13. Re1 Qg4 14. h3 Qg6 15.
Qe2 Nd5 16. d4 Bd6 17. dxe5 Re8 18. Qd2 fxe5 19. Qxd5 e4 20. Qg5+ Qf6 21. Qxf6+
gxf6 22. Nd4 Bc5 23. Nf5 Nc4 24. Nd2 Nd6 25. Nxd6 cxd6 26. Nb3 Ba7 27. Bf4 Kc7
28. Rad1 Rad8 29. Nd4 Bb8 30. Rd2 1-0